Countries that end in A - Statistics

General Stats
  • This quiz has been taken 114 times
    102 since last reset
  • The average score is 57 of 75
Answer Stats
Answer % Correct
Russia
96%
Andorra
93%
Australia
90%
Romania
90%
Argentina
88%
Armenia
88%
Canada
87%
Latvia
87%
Zambia
87%
Albania
85%
Algeria
85%
Angola
85%
Austria
85%
Colombia
85%
India
85%
Lithuania
85%
China
84%
Estonia
84%
Ethiopia
84%
North Korea
84%
Bolivia
82%
Bulgaria
82%
Jamaica
82%
Libya
82%
Panama
82%
South Korea
82%
Cuba
81%
Guatemala
81%
Indonesia
81%
Mongolia
81%
Tanzania
81%
Eritrea
79%
Somalia
79%
Usa
79%
Costa Rica
78%
Nicaragua
78%
Nigeria
78%
Venezuela
78%
Dominica
76%
Liberia
76%
Malta
76%
Slovakia
76%
Slovenia
76%
Croatia
75%
Gambia
75%
Georgia
75%
Ghana
75%
Namibia
75%
Saudi Arabia
75%
Syria
75%
Malaysia
73%
Mauritania
73%
Kenya
72%
South Africa
72%
Antigua and Barbuda
70%
Moldova
70%
North Macedonia
70%
Rwanda
70%
Serbia
70%
Bosnia and Herzegovina
69%
Cambodia
69%
Guinea
69%
Guyana
67%
Papua New Guinea
67%
St Lucia
67%
Equatorial Guinea
66%
Grenada
64%
Tunisia
64%
Uganda
64%
Botswana
63%
Samoa
63%
Sri Lanka
61%
Tonga
60%
Micronesia
57%
Czechia
48%
No matching quizzes found
Score Distribution
Percent of People with Each Score
Percentile by Number Answered
Your Score History
You have not taken this quiz since the last reset